Cargando...
Blindsight/
| Autor principal: | |
|---|---|
| Formato: | Printed Book |
| Lenguaje: | English |
| Publicado: |
London ;
Pan Books,
c2001.
|
| LEADER | 00434nam a22001337a 4500 | ||
|---|---|---|---|
| 008 | 191011b ||||| |||| 00| 0 eng d | ||
| 020 | |a 0330327410 | ||
| 082 | |a 813.54 | ||
| 100 | |a Cook, Robin | ||
| 245 | |a Blindsight/ |c Robin Cook | ||
| 260 | |a London ; |b Pan Books, |c c2001. | ||
| 942 | |c BK | ||
| 999 | |c 344046 |d 344046 | ||
| 952 | |0 0 |1 0 |2 ddc |4 0 |6 813_540000000000000_COO_B |7 0 |9 395469 |a LLE |b LLE |c ST1 |d 2019-10-11 |i 2099 |l 0 |o 813.54 COO/B |p LLE2099 |r 2019-10-11 |y BK | ||